[Event "44th Chess Olympiad Open 2022"]
[Site "Chennai"]
[Date "2022.07.29"]
[Round "1.6"]
[White "Brahami, Lamine"]
[Black "Guseinov, Gadir"]
[Result "0-1"]
[WhiteElo "2189"]
[BlackElo "2668"]
[Annotator "TA"]
[PlyCount "104"]
[EventDate "2022.07.29"]
[EventType "team-tourn"]
[EventCountry "IND"]
[SourceTitle "playchess.com"]
[Source "ChessBase"]
[SourceQuality "1"]
[WhiteTeam "Algeria"]
[BlackTeam "Azerbaijan"]
[WhiteTeamCountry "ALG"]
[BlackTeamCountry "AZE"]

1. d4 Nf6 2. Nf3 d6 3. Bf4 g6 4. e3 Bg7 5. h3 O-O 6. Be2 Nbd7 7. O-O b6 8. c4
Bb7 9. Nc3 Ne4 10. Nxe4 Bxe4 11. Rc1 e5 12. Bh2 Bb7 13. b4 a5 14. c5 e4 15. c6
exf3 16. Bxf3 Ba6 17. cxd7 Rb8 18. Re1 Qxd7 19. Qc2 Rfc8 20. Bc6 Qe7 21. b5 Bb7
22. Bxb7 Rxb7 23. Qc6 Rcb8 24. Rc4 Ra7 25. a4 f5 26. e4 Rf8 27. e5 f4 28. Re4
g5 29. h4 h6 30. exd6 Qxd6 31. Qxd6 cxd6 32. Rc6 d5 33. Re1 Bxd4 34. Rxh6 g4
35. Rd1 Bc5 36. Kh1 Bxf2 37. Rxd5 Rg7 38. Rdh5 Rgf7 39. Rg5+ Rg7 40. Rgh5 Rgf7
41. Rg5+ Rg7 42. Rhg6 Rxg6 43. Rxg6+ Kh7 44. Rxg4 Be3 45. Bg1 Re8 46. Bh2 Re4
47. g3 Rxa4 48. gxf4 Rb4 49. Kg2 a4 50. Rg3 Rb2+ 51. Kf3 a3 52. Bg1 a2 0-1

[Event "44th Chess Olympiad Open 2022"]
[Site "Chennai"]
[Date "2022.07.29"]
[Round "1.6"]
[White "Bengherabi, Khalil"]
[Black "Abasov, Nijat"]
[Result "0-1"]
[WhiteElo "2097"]
[BlackElo "2633"]
[Annotator "TA"]
[PlyCount "122"]
[EventDate "2022.07.29"]
[EventType "team-tourn"]
[EventCountry "IND"]
[SourceTitle "playchess.com"]
[Source "ChessBase"]
[SourceQuality "1"]
[WhiteTeam "Algeria"]
[BlackTeam "Azerbaijan"]
[WhiteTeamCountry "ALG"]
[BlackTeamCountry "AZE"]

1. e4 c5 2. Nf3 d6 3. d4 cxd4 4. Nxd4 Nf6 5. Nc3 a6 6. g3 e5 7. Nb3 Be7 8. Bg2
O-O 9. O-O Be6 10. a4 Nbd7 11. Re1 Qc7 12. Nd2 Qc5 13. Nf1 Rfc8 14. Ne3 Bd8 15.
Ncd5 Bxd5 16. exd5 b5 17. b3 Ba5 18. Bd2 Bxd2 19. Qxd2 g6 20. Red1 h5 21. axb5
axb5 22. b4 Qb6 23. Ra5 Rxa5 24. bxa5 Qc5 25. Rb1 Ra8 26. Bf1 Ne4 27. Qb4 Nc3
28. Qxc5 dxc5 29. Ra1 c4 30. a6 Nc5 31. a7 N5a4 32. Nd1 Nxd1 33. Rxd1 Rxa7 34.
d6 Rd7 35. Bg2 Nc3 36. Bc6 Rd8 37. Rd2 e4 38. Kf1 Kg7 39. Ke1 Kf6 40. f4 exf3
41. Kf2 Ke5 42. d7 Ne4+ 43. Bxe4 Kxe4 44. c3 Ke5 45. Kxf3 Ke6 46. Rb2 Rxd7 47.
Rxb5 Rd3+ 48. Ke4 Rxc3 49. Rc5 Rc2 50. h4 Rc3 51. Kf4 Rc1 52. Ke4 Kd6 53. Rc8
Re1+ 54. Kf3 Kd5 55. Rc7 Kd4 56. Rd7+ Kc3 57. Kg2 Re2+ 58. Kf3 Re5 59. Kf4 Re1
60. Kg5 Rf1 61. Rc7 Kd3 0-1

[Event "44th Chess Olympiad Open 2022"]
[Site "Chennai"]
[Date "2022.07.29"]
[Round "1.7"]
[White "L'Ami, Erwin"]
[Black "Ahmad, Al Khatib"]
[Result "1-0"]
[WhiteElo "2634"]
[BlackElo "2244"]
[Annotator "TA"]
[PlyCount "144"]
[EventDate "2022.07.29"]
[EventType "team-tourn"]
[EventCountry "IND"]
[SourceTitle "playchess.com"]
[Source "ChessBase"]
[SourceQuality "1"]
[WhiteTeam "Netherlands"]
[BlackTeam "Jordan"]
[WhiteTeamCountry "NED"]
[BlackTeamCountry "JOR"]

1. e4 c6 2. Nc3 d5 3. Nf3 Bg4 4. h3 Bxf3 5. Qxf3 e6 6. g3 Nf6 7. Bg2 Bc5 8. O-O
O-O 9. d3 Nbd7 10. Qe2 a5 11. a4 Qb6 12. Kh2 dxe4 13. dxe4 e5 14. Nd1 Qa6 15.
Re1 Qxe2 16. Rxe2 b5 17. Bd2 b4 18. Ne3 Nb6 19. b3 Bd4 20. Rc1 g6 21. f3 c5 22.
c3 bxc3 23. Bxc3 Rfb8 24. Be1 Ne8 25. f4 Rc8 26. fxe5 Bxe3 27. Rxe3 c4 28. Ra1
Nc7 29. Bf1 Ne6 30. Ra2 cxb3 31. Rxb3 Rc1 32. Rxb6 Rxe1 33. Bc4 Rc8 34. Bxe6
fxe6 35. Rxe6 Rxe4 36. Re7 Rcc4 37. h4 Rxa4 38. Rf2 Rab4 39. Rff7 Rxe5 40. Rg7+
Kf8 41. Ref7+ Ke8 42. Ra7 Kf8 43. Rxh7 Kg8 44. Rag7+ Kf8 45. Ra7 Kg8 46. Rhg7+
Kf8 47. Rxg6 a4 48. Rf6+ Kg8 49. Kh3 Rc5 50. Rd6 Rc8 51. h5 Kh8 52. Rdd7 Rb5
53. g4 Rb1 54. Rxa4 Rc3+ 55. Kh4 Rh1+ 56. Kg5 Rc5+ 57. Kf4 Rf1+ 58. Kg3 Rc3+
59. Kg2 Rf8 60. Rad4 Rb8 61. Rd3 Rbb3 62. Rxc3 Rxc3 63. Rf7 Kg8 64. Rf3 Rc1 65.
Kg3 Kh7 66. Kh4 Rc5 67. Rf7+ Kg8 68. Rf5 Rc7 69. h6 Kh7 70. Kh5 Rc1 71. Rf7+
Kg8 72. Rg7+ Kh8 1-0

[Event "44th Chess Olympiad Open 2022"]
[Site "Chennai"]
[Date "2022.07.29"]
[Round "1.7"]
[White "Warmerdam, Max"]
[Black "Ibrahim Alwahsh"]
[Result "1-0"]
[WhiteElo "2610"]
[BlackElo "2058"]
[Annotator "TA"]
[PlyCount "75"]
[EventDate "2022.07.29"]
[EventType "team-tourn"]
[EventCountry "IND"]
[SourceTitle "playchess.com"]
[Source "ChessBase"]
[SourceQuality "1"]
[WhiteTeam "Netherlands"]
[BlackTeam "Jordan"]
[WhiteTeamCountry "NED"]
[BlackTeamCountry "JOR"]

1. d4 Nf6 2. c4 g6 3. g3 Bg7 4. Bg2 O-O 5. Nc3 c5 6. dxc5 Qa5 7. Qa4 Qxc5 8.
Be3 Qc7 9. c5 Na6 10. Rc1 Qd8 11. Nf3 d6 12. cxd6 exd6 13. O-O Bd7 14. Qa3 Bc6
15. Rfd1 Ne8 16. Nd5 Nac7 17. Bg5 f6 18. Nxc7 Qxc7 19. Be3 Qe7 20. Rxc6 bxc6
21. Nd4 Rc8 22. Nxc6 Qd7 23. Nxa7 Rb8 24. b4 f5 25. Bc6 Qc7 26. b5 Nf6 27. Qxd6
Qa5 28. Bd5+ Nxd5 29. Qxd5+ Kh8 30. Nc6 Qxb5 31. Nxb8 Qxb8 32. a4 Qb2 33. Qb5
Qa2 34. Rd7 h6 35. h4 Qe6 36. Qb7 Be5 37. Bxh6 Rg8 38. Rh7# 1-0

[Event "44th Chess Olympiad Open 2022"]
[Site "Chennai"]
[Date "2022.07.29"]
[Round "1.7"]
[White "Mansour, Sameer"]
[Black "Van Foreest, Jorden"]
[Result "0-1"]
[WhiteElo "2275"]
[BlackElo "2678"]
[Annotator "TA"]
[PlyCount "64"]
[EventDate "2022.07.29"]
[EventType "team-tourn"]
[EventCountry "IND"]
[SourceTitle "playchess.com"]
[Source "ChessBase"]
[SourceQuality "1"]
[WhiteTeam "Jordan"]
[BlackTeam "Netherlands"]
[WhiteTeamCountry "JOR"]
[BlackTeamCountry "NED"]

1. d4 Nf6 2. c4 g6 3. Nc3 Bg7 4. Nf3 O-O 5. Bg5 h6 6. Bh4 d6 7. e3 c5 8. Be2 g5
9. Bg3 Nh5 10. dxc5 Nxg3 11. hxg3 dxc5 12. Qc2 e6 13. Nd2 Nc6 14. Nde4 Qe7 15.
g4 Rd8 16. Ng3 b6 17. Nh5 Bh8 18. Ng3 Nb4 19. Qb1 Bg7 20. a3 Nc6 21. Qe4 Bb7
22. Bd3 f5 23. Nxf5 exf5 24. Qxf5 Ne5 25. Qh7+ Kf8 26. O-O-O Nxd3+ 27. Rxd3
Rxd3 28. Qxd3 Rd8 29. Qf5+ Kg8 30. Nd5 Bxd5 31. cxd5 Rf8 32. Qc2 Qf7 0-1

[Event "44th Chess Olympiad Open 2022"]
[Site "Chennai"]
[Date "2022.07.29"]
[Round "1.8"]
[White "Volokitin, Andrei"]
[Black "Kulpruethanon, Thanadon"]
[Result "1-0"]
[WhiteElo "2674"]
[BlackElo "2294"]
[Annotator "TA"]
[PlyCount "42"]
[EventDate "2022.07.29"]
[EventType "team-tourn"]
[EventCountry "IND"]
[SourceTitle "playchess.com"]
[Source "ChessBase"]
[SourceQuality "1"]
[WhiteTeam "Ukraine"]
[BlackTeam "Thailand"]
[WhiteTeamCountry "UKR"]
[BlackTeamCountry "THA"]

1. e4 e5 2. Nf3 Nc6 3. Bb5 a6 4. Ba4 Nf6 5. O-O Be7 6. Re1 b5 7. Bb3 d6 8. c3
O-O 9. h3 Re8 10. d4 Bb7 11. Nbd2 Bf8 12. a3 h6 13. Bc2 Nb8 14. b4 Nbd7 15. Bb2
g6 16. a4 Nb6 17. dxe5 dxe5 18. axb5 axb5 19. Qe2 c6 20. Ra5 Ra7 21. Rxa7 Qa8
1-0

[Event "44th Chess Olympiad Open 2022"]
[Site "Chennai"]
[Date "2022.07.29"]
[Round "1.8"]
[White "Shevchenko, Kirill"]
[Black "Arunnuntapanich, Tinnakrit"]
[Result "1-0"]
[WhiteElo "2654"]
[BlackElo "2117"]
[Annotator "TA"]
[PlyCount "81"]
[EventDate "2022.07.29"]
[EventType "team-tourn"]
[EventCountry "IND"]
[SourceTitle "playchess.com"]
[Source "ChessBase"]
[SourceQuality "1"]
[WhiteTeam "Ukraine"]
[BlackTeam "Thailand"]
[WhiteTeamCountry "UKR"]
[BlackTeamCountry "THA"]

1. e4 c5 2. c3 d5 3. exd5 Qxd5 4. d4 Nf6 5. Nf3 e6 6. Na3 cxd4 7. Nb5 Na6 8.
Qxd4 Qxd4 9. Nfxd4 Be7 10. Bf4 O-O 11. Be2 Rd8 12. Bf3 Nd5 13. Bg3 f6 14. O-O-O
Nb6 15. Nb3 Rxd1+ 16. Rxd1 e5 17. Nd6 Bxd6 18. Rxd6 Kf7 19. Rd8 Rb8 20. Rh8 Be6
21. Rxb8 Nxb8 22. Bxb7 Bd5 23. Nc5 Ke7 24. Bxd5 Nxd5 25. c4 Nb6 26. b3 Nc6 27.
f4 exf4 28. Bxf4 Nd7 29. Nxd7 Kxd7 30. Kd2 a6 31. Kc3 Ne7 32. b4 g5 33. Be3 Nf5
34. Bf2 Nd6 35. Kd3 f5 36. a4 Ne4 37. Be3 h6 38. g4 Ke6 39. gxf5+ Kxf5 40. b5
axb5 41. cxb5 1-0

[Event "44th Chess Olympiad Open 2022"]
[Site "Chennai"]
[Date "2022.07.29"]
[Round "1.8"]
[White "Laohawirapap, Prin"]
[Black "Kuzubov, Yuriy"]
[Result "0-1"]
[WhiteElo "2230"]
[BlackElo "2642"]
[Annotator "TA"]
[PlyCount "48"]
[EventDate "2022.07.29"]
[EventType "team-tourn"]
[EventCountry "IND"]
[SourceTitle "playchess.com"]
[Source "ChessBase"]
[SourceQuality "1"]
[WhiteTeam "Thailand"]
[BlackTeam "Ukraine"]
[WhiteTeamCountry "THA"]
[BlackTeamCountry "UKR"]

1. e4 e5 2. Nf3 Nf6 3. Nxe5 d6 4. Nf3 Nxe4 5. Nc3 Nxc3 6. dxc3 Be7 7. Be3 O-O
8. Qd2 Nd7 9. O-O-O c6 10. c4 a6 11. Bf4 Nc5 12. Bd3 b5 13. Nd4 Bd7 14. Rhe1
bxc4 15. Bxc4 d5 16. Bf1 Bf6 17. f3 Na4 18. Be5 Bxe5 19. Rxe5 Qb8 20. Qe3 Qxb2+
21. Kd2 Rfe8 22. Re1 Rxe5 23. Qxe5 Qb4+ 24. Kc1 f6 0-1

[Event "44th Chess Olympiad Open 2022"]
[Site "Chennai"]
[Date "2022.07.29"]
[Round "1.8"]
[White "Jingjang, Shin"]
[Black "Onyshchuk, Volodymyr"]
[Result "0-1"]
[WhiteElo "1956"]
[BlackElo "2612"]
[Annotator "TA"]
[PlyCount "67"]
[EventDate "2022.07.29"]
[EventType "team-tourn"]
[EventCountry "IND"]
[SourceTitle "playchess.com"]
[Source "ChessBase"]
[SourceQuality "1"]
[WhiteTeam "Thailand"]
[BlackTeam "Ukraine"]
[WhiteTeamCountry "THA"]
[BlackTeamCountry "UKR"]

1. d4 d6 2. Nf3 g6 3. Bg5 Bg7 4. Nbd2 h6 5. Bh4 Nc6 6. c3 f5 7. e3 Nf6 8. Bc4
e6 9. O-O g5 10. Bg3 O-O 11. Qc2 Nh5 12. Rad1 Qf6 13. a4 Ne7 14. Qb3 Kh8 15.
Be2 Qf7 16. h3 Nxg3 17. fxg3 Nd5 18. c4 Nf6 19. c5 dxc5 20. Ne5 Qe8 21. dxc5
Ne4 22. Ndc4 Nxc5 23. Qb4 Nxa4 24. Nd6 cxd6 25. Bb5 Qd8 26. Ng6+ Kg8 27. Nxf8
Nxb2 28. Rxd6 Qxf8 29. Qd2 Bf6 30. Rc1 a6 31. Be2 Na4 32. Bf3 Nc3 33. Rd3 Nb5
34. Rd1 0-1

[Event "44th Chess Olympiad Open 2022"]
[Site "Chennai"]
[Date "2022.07.29"]
[Round "1.9"]
[White "Svane, Rasmus"]
[Black "Abdelazeez, Mohamed Abdalla"]
[Result "1-0"]
[WhiteElo "2649"]
[BlackElo "2182"]
[Annotator "TA"]
[PlyCount "59"]
[EventDate "2022.07.29"]
[EventType "team-tourn"]
[EventCountry "IND"]
[SourceTitle "playchess.com"]
[Source "ChessBase"]
[SourceQuality "1"]
[WhiteTeam "Germany"]
[BlackTeam "Sudan"]
[WhiteTeamCountry "GER"]
[BlackTeamCountry "SUD"]

1. e4 c5 2. Nf3 Nc6 3. d4 cxd4 4. Nxd4 g6 5. c4 e5 6. Nc2 d6 7. Nc3 Be6 8. Be2
a6 9. Be3 Nf6 10. Qd2 Rc8 11. O-O Bg7 12. Rac1 O-O 13. Rfd1 Qc7 14. f3 Rfd8 15.
Nd5 Bxd5 16. cxd5 Nb8 17. Na3 Qe7 18. Nc4 Nh5 19. Bd3 Nf4 20. g3 Nxd3 21. Qxd3
Rf8 22. Qa3 Rcd8 23. Bd2 b5 24. Na5 f5 25. Nc6 Nxc6 26. dxc6 fxe4 27. fxe4 Rf7
28. Qxa6 Qe6 29. Rf1 Rdf8 30. Qxb5 1-0

[Event "44th Chess Olympiad Open 2022"]
[Site "Chennai"]
[Date "2022.07.29"]
[Round "1.9"]
[White "Kollars, Dmitrij"]
[Black "Ahmed Hassan Ahmed"]
[Result "1-0"]
[WhiteElo "2648"]
[BlackElo "2114"]
[Annotator "TA"]
[PlyCount "63"]
[EventDate "2022.07.29"]
[EventType "team-tourn"]
[EventCountry "IND"]
[SourceTitle "playchess.com"]
[Source "ChessBase"]
[SourceQuality "1"]
[WhiteTeam "Germany"]
[BlackTeam "Sudan"]
[WhiteTeamCountry "GER"]
[BlackTeamCountry "EGY"]

1. e4 c5 2. Nf3 Nc6 3. Bb5 e5 4. O-O Bd6 5. c3 a6 6. Ba4 b5 7. Bc2 Nge7 8. d4
cxd4 9. cxd4 Nxd4 10. Nxd4 exd4 11. Nd2 Qc7 12. Nf3 Bb7 13. e5 Bc5 14. Bf4 Qb6
15. Rc1 Rc8 16. h4 h6 17. a3 Qe6 18. Qd3 Qg4 19. Bg3 Bxf3 20. gxf3 Qh3 21. Bb1
g5 22. h5 Rg8 23. Qe4 g4 24. f4 Rc6 25. Bd3 Qxh5 26. f5 Bb6 27. f6 Re6 28. Qa8+
Bd8 29. fxe7 Kxe7 30. Rc8 Qg5 31. Qh1 Qd2 32. Bf5 1-0

[Event "44th Chess Olympiad Open 2022"]
[Site "Chennai"]
[Date "2022.07.29"]
[Round "1.9"]
[White "Tagelsir, Abubaker"]
[Black "Bluebaum, Matthias"]
[Result "0-1"]
[WhiteElo "2232"]
[BlackElo "2673"]
[Annotator "TA"]
[PlyCount "92"]
[EventDate "2022.07.29"]
[EventType "team-tourn"]
[EventCountry "IND"]
[SourceTitle "playchess.com"]
[Source "ChessBase"]
[SourceQuality "1"]
[WhiteTeam "Sudan"]
[BlackTeam "Germany"]
[WhiteTeamCountry "SUD"]
[BlackTeamCountry "GER"]

1. e4 c6 2. c4 d5 3. cxd5 cxd5 4. exd5 Nf6 5. Bb5+ Nbd7 6. Nc3 g6 7. d4 Bg7 8.
d6 exd6 9. Qe2+ Qe7 10. Bf4 Qxe2+ 11. Bxe2 Ke7 12. Bf3 Rd8 13. Rc1 Nb6 14. Nge2
h6 15. h3 Rb8 16. O-O g5 17. Bg3 a6 18. a4 Kf8 19. Rfe1 Nc4 20. Ne4 Nxe4 21.
Bxe4 Nxb2 22. Rc7 Nxa4 23. Bd5 Be6 24. Bxb7 Nb6 25. Bxa6 Ra8 26. Bb7 Ra7 27.
Rb1 Nc4 28. Rc6 Kg8 29. Ra6 Rxa6 30. Bxa6 Ra8 31. Bb7 Ra2 32. Nc3 Rc2 33. Nb5
Rd2 34. Bxd6 Nxd6 35. Nxd6 Bxd4 36. Ne4 Rd3 37. Ba6 Ra3 38. Be2 Kg7 39. Rd1 Ba7
40. Nd6 Ra2 41. Nb5 Bb6 42. Nc3 Rc2 43. Na4 Ba7 44. Kf1 Bb3 45. g3 Bxa4 46. Ra1
Bc6 0-1

[Event "44th Chess Olympiad Open 2022"]
[Site "Chennai"]
[Date "2022.07.29"]
[Round "1.10"]
[White "Jones, Gawain C B"]
[Black "Damianou, Ioannis"]
[Result "1-0"]
[WhiteElo "2652"]
[BlackElo "2153"]
[Annotator "TA"]
[PlyCount "37"]
[EventDate "2022.07.29"]
[EventType "team-tourn"]
[EventCountry "IND"]
[SourceTitle "playchess.com"]
[Source "ChessBase"]
[SourceQuality "1"]
[WhiteTeam "England"]
[BlackTeam "Cyprus"]
[WhiteTeamCountry "ENG"]
[BlackTeamCountry "CYP"]

1. c4 b6 2. Nc3 Bb7 3. e4 e6 4. Nf3 Bb4 5. Qc2 c5 6. Nb5 d5 7. e5 Qe7 8. a3 Ba5
9. cxd5 exd5 10. b4 cxb4 11. Nc7+ Kd8 12. Nxa8 Nc6 13. Bb2 Bxa8 14. Bb5 Nxe5
15. Nxe5 bxa3 16. Ba6 Qe6 17. Rc1 b5 18. Qc8+ Ke7 19. Bxa3+ 1-0

[Event "44th Chess Olympiad Open 2022"]
[Site "Chennai"]
[Date "2022.07.29"]
[Round "1.10"]
[White "McShane, Luke J"]
[Black "Michaelides, Konstantinos"]
[Result "1-0"]
[WhiteElo "2649"]
[BlackElo "2300"]
[Annotator "TA"]
[PlyCount "49"]
[EventDate "2022.07.29"]
[EventType "team-tourn"]
[EventCountry "IND"]
[SourceTitle "playchess.com"]
[Source "ChessBase"]
[SourceQuality "1"]
[WhiteTeam "England"]
[BlackTeam "Cyprus"]
[WhiteTeamCountry "ENG"]
[BlackTeamCountry "CYP"]

1. e4 e5 2. Nf3 Nc6 3. Bb5 a6 4. Ba4 d6 5. O-O g6 6. d4 b5 7. Bb3 Bg7 8. dxe5
dxe5 9. a4 Rb8 10. Qxd8+ Nxd8 11. axb5 axb5 12. Be3 Be6 13. Nbd2 Ne7 14. Ne1
O-O 15. Nd3 Bxb3 16. Nxb3 Ndc6 17. Ra6 Rfd8 18. Rfa1 f5 19. f3 Kf7 20. Kf1 Rd6
21. Bc5 Rd7 22. Ke2 Nd8 23. Be3 Ne6 24. Rxe6 Kxe6 25. Ndc5+ 1-0

[Event "44th Chess Olympiad Open 2022"]
[Site "Chennai"]
[Date "2022.07.29"]
[Round "1.10"]
[White "Isaakidis, Alexandros"]
[Black "Howell, David W L"]
[Result "0-1"]
[WhiteElo "2165"]
[BlackElo "2650"]
[Annotator "TA"]
[PlyCount "43"]
[EventDate "2022.07.29"]
[EventType "team-tourn"]
[EventCountry "IND"]
[SourceTitle "playchess.com"]
[Source "ChessBase"]
[SourceQuality "1"]
[WhiteTeam "Cyprus"]
[BlackTeam "England"]
[WhiteTeamCountry "CYP"]
[BlackTeamCountry "ENG"]

1. d4 Nf6 2. c4 e6 3. Nf3 b6 4. g3 Be7 5. Bg2 c6 6. Nc3 Ba6 7. Qa4 O-O 8. O-O
d5 9. Ne5 Qe8 10. Qc2 Nfd7 11. Nxd7 Qxd7 12. b3 dxc4 13. Rd1 cxb3 14. axb3 Bb7
15. Ne4 h6 16. Bf4 Na6 17. Qc1 Nb4 18. Nc3 Rfd8 19. e4 Qe8 20. Na2 Rd7 21. Nxb4
Bxb4 22. Qc4 0-1

[Event "44th Chess Olympiad Open 2022"]
[Site "Chennai"]
[Date "2022.07.29"]
[Round "1.11"]
[White "Nihal Sarin"]
[Black "Sultan, Ibrahim"]
[Result "1-0"]
[WhiteElo "2651"]
[BlackElo "2108"]
[Annotator "TA"]
[PlyCount "109"]
[EventDate "2022.07.29"]
[EventType "team-tourn"]
[EventCountry "IND"]
[SourceTitle "playchess.com"]
[Source "ChessBase"]
[SourceQuality "1"]
[WhiteTeam "India"]
[BlackTeam "United Arab Emirates"]
[WhiteTeamCountry "IND"]
[BlackTeamCountry "UAE"]

1. e4 e5 2. Nf3 Nc6 3. Bb5 a6 4. Ba4 Nf6 5. O-O Be7 6. d3 b5 7. Bb3 d6 8. Bd2
O-O 9. h3 Re8 10. Re1 Bf8 11. a3 h6 12. Nc3 Na5 13. Ba2 c6 14. b4 Nb7 15. Ne2
Be6 16. Bxe6 Rxe6 17. Ng3 d5 18. exd5 Qxd5 19. Qe2 Rae8 20. c4 Qd7 21. Bc3 e4
22. dxe4 Nxe4 23. Nxe4 Rxe4 24. Qxe4 Rxe4 25. Rxe4 Qd3 26. Re3 Qxc4 27. Rd1 Nd6
28. Be5 Nf5 29. Rc3 Qe4 30. Rd8 f6 31. Bb8 h5 32. Rc1 Kf7 33. Rd7+ Kg8 34. Re1
Qc4 35. Re8 Qc1+ 36. Kh2 Qxa3 37. Rdd8 Qxb4 38. Rxf8+ Qxf8 39. Rxf8+ Kxf8 40.
g4 hxg4 41. hxg4 Ne7 42. Nd4 Ke8 43. Nb3 c5 44. Nxc5 a5 45. Kg3 Nc6 46. Bc7 a4
47. Kf4 a3 48. Ke4 a2 49. Nb3 g6 50. Bb6 Kd7 51. f4 Nb4 52. Bd4 Ke6 53. f5+
gxf5+ 54. gxf5+ Kf7 55. Nc1 1-0

[Event "44th Chess Olympiad Open 2022"]
[Site "Chennai"]
[Date "2022.07.29"]
[Round "1.11"]
[White "Sadhwani, Raunak"]
[Black "Abdulrahman Mohammad, Al Taher"]
[Result "1-0"]
[WhiteElo "2611"]
[BlackElo "2029"]
[Annotator "TA"]
[PlyCount "71"]
[EventDate "2022.07.29"]
[EventType "team-tourn"]
[EventCountry "IND"]
[SourceTitle "playchess.com"]
[Source "ChessBase"]
[SourceQuality "1"]
[WhiteTeam "India"]
[BlackTeam "United Arab Emirates"]
[WhiteTeamCountry "IND"]
[BlackTeamCountry "UAE"]

1. e4 c5 2. Nf3 Nc6 3. d4 cxd4 4. Nxd4 g6 5. c4 Nf6 6. Nc3 Nxd4 7. Qxd4 d6 8.
Be3 Bg7 9. Be2 O-O 10. Qd3 Be6 11. Bd4 Qa5 12. O-O Rfc8 13. b3 Nd7 14. Bxg7
Kxg7 15. Kh1 a6 16. f4 f6 17. a4 Nc5 18. Qc2 Qb4 19. Rab1 a5 20. h3 Qb6 21. Bg4
Bxg4 22. hxg4 Rf8 23. Rf3 Na6 24. Nd5 Qd8 25. Qd2 Nc7 26. Re1 Nxd5 27. exd5 Qd7
28. Re6 f5 29. Qe1 Rae8 30. Rfe3 Rf7 31. gxf5 gxf5 32. Rg3+ Kf8 33. Qc3 Rf6 34.
Rxf6+ exf6 35. Qxf6+ Qf7 36. Qh6+ 1-0

[Event "44th Chess Olympiad Open 2022"]
[Site "Chennai"]
[Date "2022.07.29"]
[Round "1.11"]
[White "Al Hosani, Omran"]
[Black "Gukesh D"]
[Result "0-1"]
[WhiteElo "2215"]
[BlackElo "2684"]
[Annotator "TA"]
[PlyCount "82"]
[EventDate "2022.07.29"]
[EventType "team-tourn"]
[EventCountry "IND"]
[SourceTitle "playchess.com"]
[Source "ChessBase"]
[SourceQuality "1"]
[WhiteTeam "United Arab Emirates"]
[BlackTeam "India"]
[WhiteTeamCountry "UAE"]
[BlackTeamCountry "IND"]

1. d4 Nf6 2. c4 g6 3. Nc3 Bg7 4. e4 d6 5. Be2 O-O 6. Be3 Na6 7. g4 c5 8. d5 e6
9. g5 Nh5 10. Qd2 f5 11. Bxh5 gxh5 12. Nge2 e5 13. exf5 Bxf5 14. Ng3 Bg6 15.
Nge4 Qd7 16. O-O-O Nb4 17. b3 Kh8 18. Kb2 Na6 19. Nf6 Bxf6 20. gxf6 Rxf6 21. a3
Raf8 22. Rdf1 Rf3 23. Rhg1 Nc7 24. Rg3 Ne8 25. Rfg1 Ng7 26. Rxf3 Rxf3 27. Rg3
Rf7 28. f4 e4 29. Ka2 Nf5 30. Rg5 Qe7 31. Ne2 Qf6 32. Qc1 h6 33. Rg1 Kh7 34.
Rg2 h4 35. Bd2 Bh5 36. Bc3 Qe7 37. Bb2 h3 38. Qc3 hxg2 39. Qh8+ Kg6 40. Qg8+
Rg7 41. Bxg7 Qf7 0-1

[Event "44th Chess Olympiad Open 2022"]
[Site "Chennai"]
[Date "2022.07.29"]
[Round "1.12"]
[White "Melkumyan, Hrant"]
[Black "Rakotomaharo, Fy Antenaina"]
[Result "1-0"]
[WhiteElo "2634"]
[BlackElo "2490"]
[Annotator "TA"]
[PlyCount "133"]
[EventDate "2022.07.29"]
[EventType "team-tourn"]
[EventCountry "IND"]
[SourceTitle "playchess.com"]
[Source "ChessBase"]
[SourceQuality "1"]
[WhiteTeam "Armenia"]
[BlackTeam "Madagascar"]
[WhiteTeamCountry "ARM"]
[BlackTeamCountry "MAD"]

1. c4 e6 2. Nc3 d5 3. d4 Nf6 4. cxd5 exd5 5. Bg5 c6 6. e3 h6 7. Bh4 Be7 8. Bd3
O-O 9. Nge2 Re8 10. O-O a5 11. h3 Nbd7 12. Bg3 Nf8 13. Qc2 Ne6 14. a3 Bf8 15.
Rab1 Ng5 16. b4 Nge4 17. Nxe4 dxe4 18. Bc4 Nd5 19. Nf4 Nxf4 20. Bxf4 b5 21. Bb3
Ra6 22. Be5 axb4 23. axb4 Be6 24. Bxe6 Rxe6 25. Qxe4 Ra4 26. Rfc1 Qe8 27. Qg4
Rg6 28. Qf3 Bxb4 29. h4 Bf8 30. Qf5 Re6 31. Bf4 b4 32. h5 Qd8 33. Qg4 Qd5 34.
Be5 b3 35. Qd1 Rb4 36. Bf4 b2 37. Rc2 Qa2 38. Rd2 c5 39. dxc5 Rc6 40. Rd8 Qa5
41. Be5 Rxc5 42. Bxb2 Rcb5 43. Ra1 Qxd8 44. Qxd8 Rb8 45. Qd5 R4b5 46. Qf3 Rxb2
47. Ra7 f6 48. g3 R2b5 49. Kg2 Re5 50. Qg4 Rbe8 51. Qc4+ Kh8 52. Qf7 R5e6 53.
Ra8 Rxa8 54. Qxe6 Ra3 55. f4 Kh7 56. Kh3 Ra5 57. Kg4 Rc5 58. Qf7 Bd6 59. e4 Ra5
60. Qg6+ Kh8 61. Qe8+ Kh7 62. Qd8 Ra6 63. Kf5 Rc6 64. Qd7 Rb6 65. Qe8 Ra6 66.
Qb5 Ra3 67. Ke6 1-0

[Event "44th Chess Olympiad Open 2022"]
[Site "Chennai"]
[Date "2022.07.29"]
[Round "1.12"]
[White "Petrosyan, Manuel"]
[Black "Razanadrakotoarisoa, Toavina"]
[Result "1-0"]
[WhiteElo "2610"]
[BlackElo "2039"]
[Annotator "TA"]
[PlyCount "93"]
[EventDate "2022.07.29"]
[EventType "team-tourn"]
[EventCountry "IND"]
[SourceTitle "playchess.com"]
[Source "ChessBase"]
[SourceQuality "1"]
[WhiteTeam "Armenia"]
[BlackTeam "Madagascar"]
[WhiteTeamCountry "ARM"]
[BlackTeamCountry "MAD"]

1. d4 Nf6 2. c4 e6 3. Nc3 d5 4. cxd5 exd5 5. Bg5 Be7 6. e3 Nbd7 7. Bd3 c6 8. h3
h6 9. Bf4 Nf8 10. Nf3 Ne6 11. Bh2 O-O 12. Qc2 Bd6 13. Ne5 c5 14. dxc5 Nxc5 15.
O-O Re8 16. Nf3 Bxh2+ 17. Kxh2 Nce4 18. Nb5 Bd7 19. Nbd4 Rc8 20. Qe2 Qc7+ 21.
Kg1 a6 22. Rfe1 Ng5 23. Rad1 Nfe4 24. Nxg5 hxg5 25. Bc2 Qe5 26. Bb3 Be6 27. Rc1
g6 28. Rc2 Rxc2 29. Bxc2 Nf6 30. Bd1 Ne4 31. Bb3 Rc8 32. Rd1 Nf6 33. Nf3 Qf5
34. g4 Qe4 35. Nxg5 Qb4 36. Qd2 Qe7 37. Qd4 Nd7 38. Nxe6 fxe6 39. Bxd5 Nf8 40.
Bg2 Rc2 41. Be4 Rc7 42. Qd8 Qg7 43. Bxg6 Rc4 44. b3 Rb4 45. Bd3 Rxg4+ 46. hxg4
Qxg4+ 47. Kh2 1-0